| 000 | 00596nam a22002057a 4500 | ||
|---|---|---|---|
| 005 | 20220124093622.0 | ||
| 008 | 220124b ||||| |||| 00| 0 eng d | ||
| 040 | _cAL | ||
| 041 | _aEnglish | ||
| 082 |
_223 _a327.5051 _bMURI |
||
| 100 |
_aMurty T S _914419 |
||
| 245 |
_aIndia China Boundary _bIndia's Options |
||
| 260 |
_aNew Delhi _bABC Publishing House _c1987 |
||
| 300 |
_a143, p. _bHB _c22.5x14.5 cm. |
||
| 365 |
_b₹96.00 _c₹ _d₹96.00 |
||
| 650 |
_aIndia--Boundaries--China _914420 |
||
| 650 |
_aChina--Boundaries--India _914421 |
||
| 700 |
_aMURTY (T S) _914422 |
||
| 942 |
_2ddc _cGF |
||
| 999 |
_c221315 _d221315 |
||